| 000 | 00563nam a2200181Ia 4500 | ||
|---|---|---|---|
| 005 | 20250508155721.0 | ||
| 008 | 008 250505s9999 xx 000 0 hin d | ||
| 037 | _aBooks to be hide in OPAC | ||
| 040 |
_aFEDL _beng _cFEDL |
||
| 041 |
_ahin _2hin |
||
| 084 |
_a491.430 7, YOG/O _qFEDL |
||
| 100 | _aYogender Jeet | ||
| 245 | 0 | _aHindi bhasha shikshan: Parshikshan vidyalayao ke naveen patthyakramanusar | |
| 260 |
_aAgra, India _bVinod Pustak Mandir _c1960 |
||
| 300 | _a374p. | ||
| 942 |
_cHB _h491.430 7, YOG/O |
||
| 999 |
_c1358936 _d1358936 |
||